Vista normal
Vista MARC
Entrada Materia (geográfica)
Número de registros utilizados en: 2
001 - CONTROL NUMBER
- control field: 94511
003 - CONTROL NUMBER IDENTIFIER
- control field: Co-BoUCM
005 - DATE AND TIME OF LATEST TRANSACTION
- control field: 20181120085127.0
008 - FIXED-LENGTH DATA ELEMENTS
- fixed length control field: 181120|| aca||aabn | a|a d
040 ## - CATALOGING SOURCE
- Original cataloging agency: Co-BoUCM
- Transcribing agency: Co-BoUCM
151 ## - HEADING--GEOGRAPHIC NAME
- Geographic name: Colombia
- General subdivision: Limites
- Geographic subdivision: Ecuador
670 ## - SOURCE DATA FOUND
- Source citation: Work cat.: (Co-BoUCM)310837: Carrión Sánchez, Claudia P. 94510, Autonomía indígena, 2018